000
00264 a2200109 4500
001
68504
040
_c
Anchieta - Itaigara
240
1
0
_a
Nem todas as girafas são iguais
_l
245
1
0
_a
Nem todas as girafas são iguais
650
4
_a
Literatura infantil
942
_c
MU
999
_c
68504
_d
68504